000 00679cam a22002417a 4500
001 000786
003 armpunfd
005 20140612090620.0
008 011019e1995####xx#a##########000#0#und#d
040 _aarmpunfd
_carmpunfd
080 _a347.235 K 314
100 1 0 _a Kemelmajer De Carlucci, Aida
245 1 0 _aProteccion juridica de la vivienda familiar
260 _a Buenos Aires
_b Hammurabi
_c1995
300 _a652p.
650 7 _a Divorcio
_2LEMB
650 7 _a Separacion De Hecho
_2LEMB
650 7 _a Titularizacion De Inmuebles
_2LEMB
650 7 _a Vivienda
_2LEMB
942 _cLB
_2cdu
945 _aCatalis
_d2010-08-19
945 _aCatalis
_d2010-08-19
999 _c777
_d231281